Statistics for Five Biggest Cities by Continent by Letter - G

Click here to take the quiz!

General Stats

  • This quiz has been taken 268 times
  • The average score is 11 of 30

Answer Stats

PopulationCountryCity% Correct
942,000GuatemalaGuatemala City
98%
1,501,000MexicoGuadalajara
94%
10,641,000ChinaGuangzhou
93%
603,000United KingdomGlasgow
89%
557,000SwedenGöteborg
87%
587,000ItalyGenoa
85%
462,000PolandGdansk
83%
3,022,000EgyptGiza
73%
2,279,000EcuadorGuayaquil
70%
259,000BotswanaGaborone
67%
638,000AustraliaGold Coast
44%
287,000USAGreensboro
43%
1,510,000TurkeyGaziantep
42%
1,443,000BrazilGoiânia
36%
535,000BelarusGomel
30%
2,520,000ChinaGuiyang
25%
191,000AustraliaGeelong
17%
324,000EthiopiaGondar
12%
1,337,000BrazilGuarulhos
11%
33,000New ZealandGisborne
10%
2,376,000IndiaGhaziabad
7%
691,000MexicoGuadalupe
5%
40,000AustraliaGeraldton
5%
313,000BrazilGuarujá
4%
1,820,000BangladeshGazipur
4%
49,000AustraliaGladstone
4%
231,000NigeriaGombe
4%
201,000NigeriaGusau
3%
269,000BrazilGovernador Valadares
2%
391,000MexicoGeneral Escobedo
1%

Score Distribution

Percentile by Number Answered

Percent of People with Each Score

Your Score History

You have not taken this quiz